| 000 | 00547cam a2200205ua 4500 | ||
|---|---|---|---|
| 001 | 113 | ||
| 008 | 110318n ii |||gr||||Z||||||eng | ||
| 020 | _a81-7722-318-6 | ||
| 040 | _cMAIN | ||
| 082 | _a005.4 | ||
| 245 |
_aPagemaker 7: _bThe ultimate reference. / _cBy Carolyn M. Connally. |
||
| 250 | _a1st. | ||
| 260 |
_aNew Delhi.: _bDreamtech., _c2003. |
||
| 300 |
_axix, 634 p.: _bill.; _c22 cm. |
||
| 653 | _aComputer Science. | ||
| 653 | _aPage maker 7. | ||
| 653 | _aThe ultimate reference. | ||
| 700 | 1 | _aConnally, Carolyn M., | |
| 942 | _cBK | ||
| 999 |
_c103 _d103 |
||